000 00384nas a22001337a 4500
008 130222t20009999ag ||||| |||| 00| 0 spa d
245 _aEl Celíaco
260 _aNeuquén:
_bFilial Neuquén de Asistencia al Celíaco de Argentina,
_c2000
300 _av. :
546 _aespañol
590 _aExistencias: 2000 1(2); 2003 4(6)
650 _aENFERMEDAD CELIACA
_91895
942 _2ddc
_cCR
999 _c1164
_d1164